000 004030000a22001810004500
003 LK-CoMWRAF
008 230817t ||||| |||| 00| 0 eng d
040 _aLK-CoMWRAF
_dLK-CoMWRAF
_eLK-CoMWRAF
041 _aeng
082 _a450
_bLEL
100 _aLele,Jayanth
245 _aSivasenaa
_b
260 _aChennai
_bSAB
_c
300 _ap.43
650 _acommunalism
650 _aIndia
942 _cBK
999 _c2652
_d2652